| 000 | 00801cam a2200277 a 4500 | ||
|---|---|---|---|
| 999 |
_c6064 _d6064 |
||
| 001 | 6064 | ||
| 003 | BD-JhCC | ||
| 005 | 20180102093419.0 | ||
| 008 | 840906s1985 caua 001 0 eng | ||
| 020 | _a0534046207 (pbk.) | ||
| 035 | _a(BD-JhCC) 6064 | ||
| 040 |
_aDLC _cDLC _dDLC |
||
| 041 | _aeng | ||
| 050 | 0 | 0 |
_aPE1479.B87 _bB38 1985 |
| 082 | 0 | 0 |
_a808.066651 _219 _bBAT 1985 |
| 100 | 1 | _aBatteiger, Richard P. | |
| 245 | 1 | 0 |
_aBusiness writing : _bprocess and forms / _cRichard P. Batteiger. |
| 260 |
_aBelmont, Calif. : _bWadsworth Pub. Co., _cc1985. |
||
| 300 |
_axxii, 467 p. : _bill. ; _c24 cm. |
||
| 500 | _aIncludes index. | ||
| 650 | 0 |
_aEnglish language _xRhetoric. |
|
| 650 | 0 |
_aEnglish language _xBusiness English. |
|
| 650 | 0 | _aBusiness writing. | |
| 942 |
_2ddc _cBK |
||